<?xml version="1.0" encoding="UTF-8"?>
<record
    xmlns:xsi="http://www.w3.org/2001/XMLSchema-instance"
    xsi:schemaLocation="http://www.loc.gov/MARC21/slim http://www.loc.gov/standards/marcxml/schema/MARC21slim.xsd"
    xmlns="http://www.loc.gov/MARC21/slim">

  <leader>00748cam a22002291  4500</leader>
  <controlfield tag="001">ne 63002107 </controlfield>
  <controlfield tag="003">DLC</controlfield>
  <controlfield tag="005">20260227111751.0</controlfield>
  <controlfield tag="008">900718s1962    ua            000 0 ararc</controlfield>
  <datafield tag="010" ind1=" " ind2=" ">
    <subfield code="a">ne 63002107 </subfield>
  </datafield>
  <datafield tag="025" ind1=" " ind2=" ">
    <subfield code="a">PL480: UAR-3139</subfield>
  </datafield>
  <datafield tag="035" ind1=" " ind2=" ">
    <subfield code="a">(OCoLC)22096539</subfield>
  </datafield>
  <datafield tag="040" ind1=" " ind2=" ">
    <subfield code="a">Princeton Univ. Libr.</subfield>
    <subfield code="c">WaU</subfield>
    <subfield code="d">DLC</subfield>
  </datafield>
  <datafield tag="042" ind1=" " ind2=" ">
    <subfield code="a">premarc</subfield>
  </datafield>
  <datafield tag="050" ind1="0" ind2="0">
    <subfield code="a">HX550.I8</subfield>
    <subfield code="b">S33</subfield>
  </datafield>
  <datafield tag="100" ind1="1" ind2=" ">
    <subfield code="a">Salama, A. M. Said.</subfield>
  </datafield>
  <datafield tag="245" ind1="1" ind2="3">
    <subfield code="a">al-Isl&#x101;m wa-al-u&#x1E63;&#x16B;l al-fikr&#x12B;yah lil-ishtir&#x101;k&#x12B;yah al-&#x2BB;Arab&#x12B;yah</subfield>
    <subfield code="c">[tal&#x313;&#x12B;f] &#x2BB;Abd al-Mughn&#x12B; Sa&#x2BB;&#x12B;d.</subfield>
  </datafield>
  <datafield tag="250" ind1=" " ind2=" ">
    <subfield code="a">al-&#x1E6C;ab&#x2BB;ah 2., mukabbarah f&#x12B; &#x1E0D;aw a&#x313;l-m&#x12B;th&#x101;q.</subfield>
  </datafield>
  <datafield tag="260" ind1=" " ind2=" ">
    <subfield code="a">[al-Q&#x101;hirah]</subfield>
    <subfield code="b">Maktabat al-Anjl&#x16B; al-Mi&#x1E63;r&#x12B;yah</subfield>
    <subfield code="c">[1962?]</subfield>
  </datafield>
  <datafield tag="300" ind1=" " ind2=" ">
    <subfield code="a">6, 108 p.</subfield>
    <subfield code="c">20 cm.</subfield>
  </datafield>
  <datafield tag="650" ind1=" " ind2="0">
    <subfield code="a">Socialism and Islam.</subfield>
  </datafield>
  <datafield tag="999" ind1=" " ind2=" ">
    <subfield code="c">46321</subfield>
    <subfield code="d">46321</subfield>
  </datafield>
</record>
